The psychology of media and politics

Αποθηκεύτηκε σε:
Λεπτομέρειες βιβλιογραφικής εγγραφής
Κύριος συγγραφέας: Comstock, George A.
Άλλοι συγγραφείς: Scharrer, Erica
Μορφή: Βιβλίο
Γλώσσα:English
Δημοσίευση: Burlington, MA : Elsevier Academic Press, 2005
Θέματα:
Ετικέτες: Προσθήκη ετικέτας
Δεν υπάρχουν, Καταχωρήστε ετικέτα πρώτοι!

MARC

LEADER 00000nam a2200000 i 4500
001 1/82409
008 080415s2005 eng d
020 |a 0-12-183552-9 
035 |l 10096657 
040 |a GR-MY-UA  |b gre  |e aacr 
041 0 |a eng 
082 0 |a 320.014  |2 (22) 
100 1 |a Comstock, George A. 
245 1 4 |a The psychology of media and politics /  |c George Comstock, Erica Scharrer 
260 |a Burlington, MA :   |b Elsevier Academic Press,   |c 2005 
300 |a xii, 316 σ.;  |b εικ.;  |c 24 εκ. 
504 |a Περιέχει βιβλιογραφικές παραπομπές και ευρετήριο 
650 0 0 |a Communication in politics. 
650 0 0 |a Mass media  |x Political aspects. 
650 0 0 |a Political psychology. 
700 1 |a Scharrer, Erica. 
852 |a INST  |b LESVOS  |e 20080415  |h 320.014 COM  |p 005100039604  |q 005100039604  |t BK  |y 0 
901 |a BIBL1-2008-1 
909 |a Λ  |b 152203 
922 |a 1ΕΛΗ  |b 200803  |c ΕΠΕΑΕΚ2/ΠΤΕ  |d ΕΛΕΥΘΕΡΟΥΔΑΚΗΣ 
970 |a ΚΑΡΑ  |b ΓΙΑΣΕΜΗ  |z 2008/04/15